000 00436nam a2200133 4500
245 _aAntigone
_cby Sophocles; translated from the Greek into English rhyming verse with introduction and notes,by Gilbert Murray.
100 _aSophocles (c496B.C.-406 B.C).
710 _aMurray, Gilbert
260 _aLondon
_bGeorge Allen & Unwin
_c1974
300 _a95p.; 19cm.
050 _a882.01 SOP/MUR
082 _a882.01
_bSOP/MUR
041 _aeng
999 _c30653
_d30653